| 000 | 01498cas a22003615a 4500 | ||
|---|---|---|---|
| 001 | 11143353 | ||
| 005 | 20150810154808.0 | ||
| 008 | 750410d19481968nyu r pf | i001 0ceng | ||
| 010 | _a 48010196 | ||
| 040 |
_aDLC _beng _cDI _dDLC _dOCoLC _dDLC _dOCoLC _dNST _dOCoLC _dMH _dNSDP _dNST _dInU _dEG-ScBUE |
||
| 050 | 0 | 0 |
_aJX1977.A37 _bE9 |
| 082 | 0 | 4 |
_a341.13 _bUNI _222 |
| 110 | 1 |
_aUnited Nations. _bOffice of Public Information. _cNew York. |
|
| 245 | 1 | 0 |
_aEveryman's United Nations : _ba complete handbook of the activities and evolution of the United Nations during its first twenty years, 1945-1965 / _cOffice of Public Information, United Nations. |
| 250 | _a8th ed. | ||
| 260 |
_aNew York : _bUnited Nations Publications, _c1968. |
||
| 300 |
_axii, 634 p. _c22 cm. |
||
| 362 | 0 | _a[1st]-8th ed.; 1948-68. | |
| 500 | _aSecond-8th editions issued with the United Nations publications sales numbers. | ||
| 500 | _aIndex : p. 597-634. | ||
| 525 | _a8th ed. has supplement covering 1966-70. | ||
| 550 | _aVols. for 1948-56 issued by the United Nations Dept. of Public Information; 1959-68 by its Office of Public Information. | ||
| 590 | _aSERBIB/SERLOC merged record | ||
| 610 | 2 | 0 |
_aUnited Nations. _99585 |
| 650 | _2BUEsh | ||
| 651 | _2BUEsh | ||
| 653 |
_bBUSBOL _cAugust2015 |
||
| 655 |
_vreading book _934232 |
||
| 785 | 0 | 0 |
_tEveryone's United Nations _x0251-690X _w(DLC) 80644223 _w(OCoLC)6104926 |
| 936 | _aUnknown | ||
| 942 |
_2ddc _cBB |
||
| 999 |
_c12969 _d12969 |
||